000 00685nam a2200289Ia 4500
005 20260324132245.0
008 008 260324s9999 xx 000 0 eng d
020 _a9780203002421
037 _aEBOOK
040 _aCRL
040 _beng
040 _cCRL
041 _2eng
041 _aeng
084 _qCRL
100 _aPeter Wallensteen; Carina Staibano
_91188594
245 0 _aInternational Sanctions
245 0 _bBetween Wars and Words
260 _bTaylor and Francis
260 _c2005
365 _a
365 _b255
856 _uhttp://www.taylorfrancis.com/books/9780203002421
942 _cEBOOK
999 _c1786557
_d1786557